| 000 | 00967cam a2200241 a 4500 | ||
|---|---|---|---|
| 001 | 2609310 | ||
| 005 | 20250125134316.0 | ||
| 008 | 971001s1996 ilu 000 0 eng | ||
| 020 | _a0802487874 | ||
| 050 | 0 | 0 |
_aHQ734 _b.C468 1996 |
| 082 | 0 | 0 |
_a248.4 _221 |
| 100 | 1 |
_aChapman, Gary D., _d1938- |
|
| 245 | 1 | 0 |
_aToward a growing marriage : _bbuilding the love relationship of your dreams / _cGary Chapman. |
| 260 |
_aChicago : _bMoody Press, _cc1996. |
||
| 300 |
_a225 p. ; _c22 cm. |
||
| 650 | 0 | _aMarriage. | |
| 650 | 0 | _aChristian life. | |
| 856 | 4 | 2 |
_3Publisher description _uhttp://www.loc.gov/catdir/enhancements/fy0609/97202101-d.html |
| 856 | 4 | 2 |
_3Contributor biographical information _uhttp://www.loc.gov/catdir/enhancements/fy1202/97202101-b.html |
| 856 | 4 | 1 |
_3Sample text _uhttp://www.loc.gov/catdir/enhancements/fy1209/97202101-s.html |
| 856 | 4 | 1 |
_3Table of contents only _uhttp://www.loc.gov/catdir/enhancements/fy1209/97202101-t.html |
| 942 |
_2lcc _cBK _n0 |
||
| 999 |
_c3071 _d3071 |
||